| 000 | 00665nam a2200229 a 4500 | ||
|---|---|---|---|
| 001 | 000019442 | ||
| 005 | 20200929170023.0 | ||
| 008 | 100629s2003 sp a 000 0 spa d | ||
| 020 | _a8484037665 | ||
| 040 |
_aDO-SdBNP _bspa _cBNPHU |
||
| 082 |
_a921.9 _bP681C |
||
| 100 | 1 |
_aCaniff, Patricia _941726 |
|
| 245 | 1 | 0 |
_aPitágoras / _cPatricia Caniff. |
| 260 |
_aMadrid : _bEdimat Libros, _c2003. |
||
| 300 |
_a192 p. : _bil. ; _c23 cm. |
||
| 490 | 1 | _aGrandes biografías | |
| 504 | _aIncluye referencias bibliográficas ( p. 187) | ||
| 600 | 1 | 4 |
_aPITÁGORAS _941738 |
| 650 | 4 |
_aFilósofos griegos _941739 |
|
| 830 | 0 |
_aGrandes biografías _911230 |
|
| 049 | _aBNPD | ||
| 999 |
_c18958 _d18958 |
||